On-line könyvtári adatbázisok 2. rész /

Elmentve itt :
Bibliográfiai részletek
Szerző: Aranyi Zoltán
Dokumentumtípus: Videó
Megjelent: 2020
Tárgyszavak:
Online Access:http://eta.bibl.u-szeged.hu/3844
LEADER 00995ngm a2200229 i 4500
001 eta3844
005 20211014083240.0
008 201120s2020 hu o 0|| hun d
040 |a SZTE Elektronikus Tananyag Archívum  |b hun 
041 |a hun 
100 1 |a Aranyi Zoltán 
245 1 0 |a On-line könyvtári adatbázisok   |h [elektronikus dokumentum] :  |b 2. rész /  |c  Aranyi Zoltán 
246 1 0 |a Online library databases : Part Two  |h [elektronikus dokumentum] 
260 |c 2020 
516 |a Video 
650 4 |a Társadalomtudományok 
650 4 |a Média és kommunikáció 
650 4 |a Könyvtártudomány 
650 4 |a Web és információs rendszerek, adatbázisrendszerek, információkeresés és digitális könyvtárak, adatfúzió 
856 4 0 |u https://eta.bibl.u-szeged.hu/3844/14/02_fogalmak.mp4  |z Dokumentum-elérés  
856 4 0 |u https://eta.bibl.u-szeged.hu/3844/2/02_fogalmak.pdf  |z Dokumentum-elérés  
856 4 0 |u https://eta.bibl.u-szeged.hu/3844/3/02_1_sajat_oszt_r.pdf  |z Dokumentum-elérés